[Event "Arco op 46th"]
[Site "Arco"]
[Date "2024.10.12"]
[Round "8"]
[White "Tiede, Andreas"]
[Black "Bruessow, Nina"]
[Result "0-1"]
[WhiteElo "1927"]
[BlackElo "1825"]
[PlyCount "48"]
[EventDate "2024.10.05"]
[EventType "swiss"]
[EventRounds "9"]
[EventCountry "ITA"]
[SourceTitle "CB44_2024"]
[Source "Chessbase"]
[SourceDate "2024.10.30"]
[SourceVersion "1"]
[SourceVersionDate "2024.10.30"]
[SourceQuality "1"]

1. d4 Nf6 2. Nc3 d5 3. Bf4 e6 4. e3 Bd6 5. Bd3 0-0 6. g4 Bxf4 7. exf4 c5 8. g5 Nfd7 9. dxc5 Nxc5 10. Nf3 Nxd3+ 11. Qxd3 Nd7 12. 0-0-0 Qc7 13. Qe3 Nb6 14. b3 Bd7 15. h4 Rfc8 16. Kb2 a5 17. Nd4 a4 18. Rh3 e5 19. fxe5 Bxh3 20. Ndb5 a3+ 21. Kc1 Qc5 22. Qxh3 Ra5 23. e6 Rxb5 24. exf7+ Kf8 0-1

[Event "Arco op 46th"]
[Site "Arco"]
[Date "2024.10.10"]
[Round "6"]
[White "Tiede, Andreas"]
[Black "Fauth, Dietmar"]
[Result "0-1"]
[WhiteElo "1927"]
[BlackElo "2101"]
[PlyCount "36"]
[EventDate "2024.10.05"]
[EventType "swiss"]
[EventRounds "9"]
[EventCountry "ITA"]
[SourceTitle "CB44_2024"]
[Source "Chessbase"]
[SourceDate "2024.10.30"]
[SourceVersion "1"]
[SourceVersionDate "2024.10.30"]
[SourceQuality "1"]

1. e4 c5 2. Nf3 d6 3. d3 Nc6 4. g3 g6 5. Bg2 Bg7 6. c3 Nf6 7. 0-0 0-0 8. Re1 Bd7 9. d4 Bg4 10. h3 Bxf3 11. Bxf3 cxd4 12. cxd4 e5 13. d5 Nd4 14. Bg2 Qb6 15. Nc3 Rac8 16. Bf1 Nd7 17. Bd2 Qxb2 18. Rb1 Qxd2 0-1

[Event "Arco op 46th"]
[Site "Arco"]
[Date "2024.10.08"]
[Round "4"]
[White "Tiede, Andreas"]
[Black "Zenker, Ulrich"]
[Result "1/2-1/2"]
[WhiteElo "1927"]
[BlackElo "2113"]
[PlyCount "31"]
[EventDate "2024.10.05"]
[EventType "swiss"]
[EventRounds "9"]
[EventCountry "ITA"]
[SourceTitle "CB44_2024"]
[Source "Chessbase"]
[SourceDate "2024.10.30"]
[SourceVersion "1"]
[SourceVersionDate "2024.10.30"]
[SourceQuality "1"]

1. Nf3 g6 2. e4 Bg7 3. Bc4 c6 4. Nc3 b5 5. Bb3 b4 6. Ne2 d5 7. exd5 cxd5 8. d4 Nc6 9. h3 e6 10. a3 bxa3 11. Rxa3 Nge7 12. Bd2 Qb6 13. Bc3 0-0 14. Ba4 a5 15. 0-0 Qc7 16. Re1 1/2-1/2

[Event "Arco op 46th"]
[Site "Arco"]
[Date "2024.10.07"]
[Round "3"]
[White "Rivara, Massimo"]
[Black "Tiede, Andreas"]
[Result "0-1"]
[WhiteElo "1769"]
[BlackElo "1927"]
[PlyCount "86"]
[EventDate "2024.10.05"]
[EventType "swiss"]
[EventRounds "9"]
[EventCountry "ITA"]
[SourceTitle "CB44_2024"]
[Source "Chessbase"]
[SourceDate "2024.10.30"]
[SourceVersion "1"]
[SourceVersionDate "2024.10.30"]
[SourceQuality "1"]

1. e4 c5 2. Nf3 Nc6 3. d4 cxd4 4. Nxd4 e5 5. Nb5 d6 6. N1c3 a6 7. Na3 Be7 8. Nd5 Be6 9. Nxe7 Ngxe7 10. c3 b5 11. Nc2 d5 12. exd5 Bxd5 13. Qg4 0-0 14. Bh6 Ng6 15. Bd2 f5 16. Qg3 f4 17. Qg4 Qe7 18. Nb4 Nxb4 19. cxb4 e4 20. h4 e3 21. fxe3 fxe3 22. Bc3 Rad8 23. 0-0-0 Be6 24. Qh5 Nf4 25. Qe5 Rxd1+ 26. Kxd1 Bg4+ 27. Kc1 Qxe5 28. Bxe5 e2 29. Bxe2 Bxe2 30. Kd2 Bc4 31. b3 Bd5 32. Rf1 Nxg2 33. Rg1 Rf2+ 34. Kc3 Rxa2 35. Rf1 Nxh4 36. Bd6 Bf7 37. Rf4 Ng6 38. Rd4 h5 39. Bc5 Ra3 40. Rd8+ Kh7 41. Rd7 Rxb3+ 42. Kc2 Rf3 43. Bd4 h4 0-1

[Event "Reinstorf op"]
[Site "Reinstorf"]
[Date "2022.02.05"]
[Round "8"]
[White "Fernandez Garcia, Alfonso Javier"]
[Black "Tiede, Andreas"]
[Result "1/2-1/2"]
[WhiteElo "1619"]
[BlackElo "1982"]
[PlyCount "80"]
[EventDate "2022.01.29"]
[EventType "swiss"]
[EventRounds "9"]
[EventCountry "GER"]
[SourceTitle "CBM 206 Extra"]
[Source "ChessBase"]
[SourceDate "2022.03.31"]
[SourceVersion "1"]
[SourceVersionDate "2022.03.31"]
[SourceQuality "1"]

1. e4 d6 2. Nf3 g6 3. c3 Bg7 4. Bc4 a6 5. 0-0 b5 6. Bb3 e6 7. d4 Ne7 8. Bg5 h6 9. Be3 g5 10. h3 Bb7 11. Nbd2 Nd7 12. a4 c5 13. Re1 e5 14. Qe2 c4 15. Bc2 Rc8 16. axb5 axb5 17. Ra7 Qc7 18. Kh1 Nc6 19. Ra2 0-0 20. Rea1 Ra8 21. Nf1 Rxa2 22. Rxa2 Nf6 23. Ng3 Bc8 24. Nh2 exd4 25. Bxd4 Nxd4 26. cxd4 Re8 27. Qf3 Qb6 28. Ne2 Bb7 29. d5 Bc8 30. Kg1 Bd7 31. Ng3 b4 32. b3 c3 33. Ra1 Qd4 34. Rd1 Qe5 35. Qd3 Rb8 36. Nf3 Qe8 37. Nd4 Ra8 38. Ngf5 Bf8 39. Qf3 Qe5 40. Qd3 Qe8 1/2-1/2

[Event "Reinstorf op"]
[Site "Reinstorf"]
[Date "2022.01.30"]
[Round "2"]
[White "Colbow, Collin"]
[Black "Tiede, Andreas"]
[Result "1-0"]
[WhiteElo "2334"]
[BlackElo "1982"]
[PlyCount "51"]
[EventDate "2022.01.29"]
[EventType "swiss"]
[EventRounds "9"]
[EventCountry "GER"]
[SourceTitle "CBM 206 Extra"]
[Source "ChessBase"]
[SourceDate "2022.03.31"]
[SourceVersion "1"]
[SourceVersionDate "2022.03.31"]
[SourceQuality "1"]

1. Nf3 g6 2. e4 Bg7 3. d4 d6 4. Nc3 Nd7 5. Be3 e6 6. Qd2 Ne7 7. Bh6 0-0 8. h4 f6 9. 0-0-0 Rf7 10. Bxg7 Rxg7 11. e5 f5 12. h5 gxh5 13. Rxh5 d5 14. Ng5 Nf8 15. Bd3 Bd7 16. Ne2 Be8 17. Rh6 Neg6 18. f4 Qe7 19. Kb1 a5 20. Rdh1 a4 21. g4 fxg4 22. Ng3 Nxf4 23. Nxh7 N8g6 24. Nf6+ Kf7 25. Bxg6+ Nxg6 26. Qf2 1-0

[Event "NRW Class1 0405"]
[Site "Germany"]
[Date "2005.01.09"]
[Round "5.5"]
[White "Tiede, Andreas"]
[Black "Kotarski, Mariusz"]
[Result "1-0"]
[WhiteElo "1997"]
[BlackElo "2111"]
[PlyCount "77"]
[EventDate "2004.10.10"]
[EventType "team-tourn"]
[EventRounds "9"]
[EventCountry "GER"]
[SourceTitle "EXT 2006"]
[Source "ChessBase"]
[SourceDate "2005.11.24"]
[SourceVersion "1"]
[SourceVersionDate "2005.11.24"]
[SourceQuality "1"]
[WhiteTeam "Essen Borbeck"]
[BlackTeam "Gerresheim II"]
[WhiteTeamCountry "GER"]
[BlackTeamCountry "GER"]

1. e4 e6 2. d4 d5 3. Nd2 c5 4. Ngf3 Nf6 5. e5 Nfd7 6. c3 Nc6 7. Be2 f6 8. exf6 Nxf6 9. 0-0 Be7 10. Re1 0-0 11. Nb3 a5 12. a4 cxd4 13. cxd4 Qb6 14. Bd3 Bd7 15. h3 Bb4 16. Re2 Rae8 17. Be3 Qc7 18. Rc1 Qd6 19. Ne5 Nxe5 20. dxe5 Qxe5 21. Bc5 Qf4 22. Bxf8 Bxf8 23. Nxa5 Qb4 24. Nb3 Bxa4 25. Bc2 e5 26. Nd4 Bd7 27. Nf3 Qf4 28. Bb3 Bc6 29. Qd2 Qf5 30. Rce1 e4 31. Nd4 Qe5 32. Nxc6 bxc6 33. Qc3 Qb8 34. Rd1 Qb6 35. Ba2 Kh8 36. Rc2 e3 37. fxe3 Rxe3 38. Qd4 Re1+ 39. Kh2 1-0